拼音L开头的中国县级行政区County-Level Regions Starts with Pinyin L in China - Statistics

General Stats
  • This quiz has been taken 45 times
  • The average score is 171 of 280
Answer Stats
答案 % Correct
雷州市
93%
莱阳市
90%
澧县
90%
历城区
90%
连州市
90%
林州市
90%
龙山区
90%
龙山县
90%
历下区
86%
连山区
86%
连山壮族瑶族自治县
86%
梁山县
86%
龙江县
86%
轮台县
86%
莱西市
83%
莱州市
83%
冷水江市
83%
礼县
83%
溧水区
83%
溧阳市
83%
庐山市
83%
庐阳区
83%
鲁山县
83%
陆丰市
83%
理县
79%
利川市
79%
廉江市
79%
临江市
79%
临清市
79%
龙岗区
79%
隆安县
79%
庐江县
79%
滦南县
79%
略阳县
79%
乐陵市
76%
乐东黎族自治县
76%
乐平市
76%
蠡县
76%
鲤城区
76%
醴陵市
76%
连江县
76%
临安区
76%
陵水黎族自治县
76%
浏阳市
76%
柳江区
76%
龙华区(深圳市)
76%
龙华区(海口市)
76%
龙湾区
76%
陇西县
76%
滦州市
76%
兰陵县
72%
兰山区
72%
兰溪市
72%
岚山区
72%
阆中市
72%
冷水滩区
72%
李沧区
72%
利州区
72%
荔城区
72%
连南瑶族自治县
72%
莲湖区
72%
梁平区
72%
烈山区
72%
邻水县
72%
临海市
72%
临平区
72%
临夏市
72%
临夏县
72%
凌源市
72%
零陵区
72%
龙港区
72%
龙港市
72%
龙湖区
72%
隆昌市
72%
鹿城区
72%
潞城区
72%
罗平县
72%
罗山县
72%
涞源县
69%
蓝山县
69%
蓝田县
69%
崂山区
69%
老城区
69%
耒阳市
69%
礼泉县
69%
连平县
69%
涟水县
69%
涟源市
69%
凉州区
69%
辽阳县
69%
临城县
69%
临澧县
69%
临县
69%
临淄区
69%
柳南区
69%
龙安区
69%
龙海区
69%
龙井市
69%
龙门县
69%
龙南市
69%
龙泉市
69%
泸水市
69%
六合区
69%
罗江区
69%
洛江区
69%
涞水县
66%
莱芜区
66%
乐亭县
66%
乐安县
66%
雷山县
66%
梨树区
66%
梨树县
66%
理塘县
66%
莲花县
66%
濂溪区
66%
林西县
66%
临泉县
66%
临西县
66%
灵山县
66%
陵城区
66%
柳北区
66%
柳城县
66%
龙城区
66%
龙口市
66%
隆回县
66%
芦山县
66%
禄劝彝族苗族自治县
66%
滦平县
66%
罗定市
66%
洛川县
66%
洛南县
66%
来安县
62%
莱山区
62%
朗县
62%
乐昌市
62%
黎平县
62%
荔浦市
62%
连城县
62%
莲池区
62%
临河区
62%
临朐县
62%
临洮县
62%
凌河区
62%
龙川县
62%
陇县
62%
陆河县
62%
禄丰市
62%
潞州区
62%
罗城仫佬族自治县
62%
罗湖区
62%
连云区
59%
莲都区
59%
林口县
59%
临川区
59%
临沭县
59%
临湘市
59%
麟游县
59%
凌海市
59%
柳河县
59%
六枝特区
59%
龙陵县
59%
龙胜各族自治县
59%
龙州县
59%
隆化县
59%
隆林各族自治县
59%
鹿泉区
59%
路北区
59%
路南区
59%
绿园区
59%
栾城区
59%
萝北县
59%
洛宁县
59%
绿春县
59%
郎溪县
55%
雷波县
55%
立山区
55%
利津县
55%
临高县
55%
临潭县
55%
临邑县
55%
临颍县
55%
灵宝市
55%
龙凤区
55%
龙潭区
55%
龙游县
55%
隆德县
55%
娄星区
55%
泸定县
55%
泸县
55%
鲁甸县
55%
兰考县
52%
岚县
52%
离石区
52%
荔湾区
52%
良庆区
52%
两当县
52%
临桂区
52%
临潼区
52%
临武县
52%
临翔区
52%
临猗县
52%
临泽县
52%
灵川县
52%
灵丘县
52%
灵石县
52%
灵寿县
52%
灵武市
52%
龙里县
52%
龙文区
52%
隆阳区
52%
陇川县
52%
娄烦县
52%
鹿寨县
52%
罗源县
52%
洛龙区
52%
澜沧拉祜族自治县
48%
琅琊区
48%
乐都区
48%
黎城县
48%
凉城县
48%
辽中区
48%
临渭区
48%
临漳县
48%
灵璧县
48%
龙沙区
48%
卢龙县
48%
卢氏县
48%
芦溪县
48%
泸溪县
48%
罗田县
48%
兰坪白族普米族自治县
45%
浪卡子县
45%
老河口市
45%
荔波县
45%
梁河县
45%
梁溪区
45%
林甸县
45%
灵台县
45%
陵川县
45%
留坝县
45%
泸西县
45%
炉霍县
45%
陆川县
45%
渌口区
45%
鹿邑县
45%
罗甸县
45%
洛浦县
45%
拉孜县
41%
来凤县
41%
岚皋县
41%
老边区
41%
黎川县
41%
利辛县
41%
柳林县
41%
龙子湖区
41%
芦淞区
41%
旅顺口区
41%
乐至县
38%
利通区
38%
林周县
38%
龙亭区
38%
隆尧县
38%
隆子县
38%
碌曲县
38%
路桥区
38%
罗庄区
38%
兰西县
34%
乐业县
34%
类乌齐县
34%
凌云县
34%
岭东区
34%
陆良县
31%
栾川县
31%
洛隆县
28%
梁子湖区
24%
龙马潭区
24%
龙泉驿区
24%
龙圩区
24%
洛扎县
24%
梁园区
17%
No matching quizzes found
Score Distribution
Percent of People with Each Score
Percentile by Number Answered
Your Score History
You have not taken this quiz